000 00749nam a2200241 a 4500
001 971
003 BR-CuiBMT
005 20231216015913.0
008 231124s2008 mgb 000 0 por d
020 _a9788577000241
040 _aBR-CuiBMT
_cBR-CuiBMT
080 _22007
_a342.9
090 _a342.9
_bB223d
100 1 _aBaracho, José Alfredo de Oliveira
245 1 0 _aDireito processual constitucional :
_baspectos contemporâneos /
_cJosé Alfredo de Oliveira Baracho.
260 _aBelo Horizonte :
_bFórum,
_c2008.
300 _a882 p. ;
_c25 cm
504 _aInclui bibliografia.
590 _aA Biblioteca possui a 1. reimpr. 2008.
650 _aDireito constitucional
650 _aDireito processual constitucional
942 _2udc
_cLV
999 _c971
_d971